|
|
|
|
| LEADER |
01006nam a2200217 a 4500 |
| 001 |
GR-MES15282 |
| 008 |
061216s20062006xxu 000 b eng d |
| 020 |
|
|
|a 0471754897
|
| 040 |
|
|
|a GrPaTEI
|b gre
|c GR-PaULI
|
| 082 |
|
0 |
|a 005.432
|2 21
|
| 082 |
|
0 |
|a 005.432
|2 22
|
| 100 |
1 |
|
|a Negus, Christopher
|
| 245 |
1 |
0 |
|a Linux bible, 2006 edition :
|b Boot up to Fedora, KNOPPIX, Debian, SUSE, Ubuntu, and 7 other distributions /
|c Christopher Negus.
|
| 260 |
|
|
|a [Indianapolis, IN] :
|b Wiley Pub.,
|c c2006
|
| 300 |
|
|
|a xxix, 870 σ. ;
|c 23 εκ. +
|e 1 CD-ROM (4 3/4 in.) +
|e 1 DVD-ROM (4 3/4 in.)
|
| 650 |
|
0 |
|a LINUX
|
| 650 |
|
4 |
|a Ηλεκτρονικοί υπολογιστές
|x Λειτουργικά συστήματα
|
| 942 |
|
|
|2 ddc
|
| 952 |
|
|
|0 0
|1 0
|2 ddc
|4 0
|6 005_432000000000000_NEG
|7 0
|9 273116
|a MSLG
|b MSLG
|c BSC
|d 2021-01-17
|e 24
|f 0
|g 0.00
|l 0
|o 005.432 NEG
|p 2420000024348
|r 2021-01-17 00:00:00
|t 1
|w 2021-01-17
|y BK15
|x 20090923 0 ΤΣΑΝΤΑΡΛΙΩΤΗ 1
|x GrPaTEI
|
| 971 |
|
|
|a .b25813316
|b 15-04-20
|c 13-09-16
|
| 999 |
|
|
|c 158098
|d 158098
|